000 00325nam a22001217a 4500
999 _c4968
_d4968
008 250428b ||||| |||| 00| 0 eng d
020 _a9781499806953
082 _a591.77 BEE
100 _aLITTLE BEE
_ePUBLISHER
245 _aUNDER THE SEA
260 _a251 PARK AVENUE SOUTH,NEW YORK,NY 10010
_bLITTLE BEE
_c2018
942 _2ddc